000 00632nam a22002057a 4500
003 OSt
005 20251203103349.0
008 251203b |||||||| |||| 00| 0 eng d
020 _a 971-685-694-1.
040 _aDWCL-Admin lib
_cOC
082 _aFil. 371.33 C822e 2008
100 _aCorpuz, Brenda B.
245 _aEducational technology 1 /
_cBrenda B. Corpuz
260 _aQuezon City :
_b Lorimar Pub. Inc.,
_cc2008.
300 _a xii, 202 p. :
_b ill. ;
_c26 cm.
504 _aIncludes bibliographical references.
650 _a1. Educational technology.
700 _aLucido, Paz I.
942 _2ddc
_cBK - FIL
_kFil.
_n0
999 _c6744
_d6744